000 00449nam a2200145Ia 4500
008 181023s9999 xx 000 0 und d
020 _a9781119369042
100 _aPadveen, Corey.
245 _cCorey Padveen.--
_aMarketing to millenials for dummies /
260 _aNew Jersey :
_bJohn Wiley & Sons
_c2017
300 _axv, 336 pages.
500 _aIncludes indexes.
650 _aTarget marketing.
650 _aYoung adult consumers -- attitudes.
999 _c359329
_d359329